Plant root systems : their function and interaction with the soil /
Guardado en:
| Autor Principal: | |
|---|---|
| Formato: | Libro |
| Idioma: | English |
| Publicado: |
London ; New York :
McGraw-Hill,
c1977.
|
| Series: | European plant biology series
|
| Etiquetas: |
Agregar Etiqueta
Sin Etiquetas, Sea el primero en etiquetar este registro!
|
| LEADER | 00598nam a22001695a 4500 | ||
|---|---|---|---|
| 001 | EEA.libagro003010 | ||
| 005 | 20190705115442.0 | ||
| 008 | 130809s1977####nyua#####b####000#0#eng#d | ||
| 020 | |a 0070840687 | ||
| 082 | 0 | 4 | |a 581.31 |
| 100 | 1 | |a Scott Russell, Robert. | |
| 245 | 1 | 0 | |a Plant root systems : |b their function and interaction with the soil / |c R. Scott Russell. |
| 260 | |a London ; |a New York : |b McGraw-Hill, |c c1977. | ||
| 300 | |a xii, 298 p. : |b il. ; |c 24 cm. | ||
| 490 | 1 | |a European plant biology series | |
| 504 | |a Incluye bibliografías e índices. | ||
| 859 | |a AR-BbBCA |b BIB. AGRONOMIA |h 581.31 |i R966 |p 1981/0064 | ||
